| 000 | 00659nam a22002057a 4500 | ||
|---|---|---|---|
| 005 | 20230925155751.0 | ||
| 010 | _aENG-118977 ENG-135862 | ||
| 020 |
_a9788173719486 _c475.00 |
||
| 035 | _aEN-102509 | ||
| 035 | _aEN-119394 | ||
| 037 | _bDBAD/PUB | ||
| 082 | _a621.34 | ||
| 100 |
_aReddy, Y. Mallikarjuna _957400 |
||
| 245 |
_aElectromagnetic waves and transmission lines/ _cBy Y. Mallikarjuna Reddy |
||
| 260 |
_aTelangana _bUniversity Press _c2015 |
||
| 270 | _a3-6-747/A & 3-6-754/1, Himayatnagar Hyderabad-500029, Telangana, India | ||
| 300 |
_axii,634p _c24cm.(pbk) |
||
| 500 | _aIncludes index | ||
| 942 |
_2ddc _cEN _h621.34 _mRED |
||
| 999 |
_c142075 _d142075 |
||